| 000 | 01031nas a2200313 4500 | ||
|---|---|---|---|
| 001 | BR2017002082 | ||
| 003 | BR-BrBNA | ||
| 005 | 20231205131035.0 | ||
| 007 | ta | ||
| 008 | 230509b bl.|||p| |||| 00| 00por d | ||
| 040 |
_aBR-BrBNA _bpor _cBiblioteca Nacional de Agricultura |
||
| 041 | _a(Pt) | ||
| 072 | _aF01 | ||
| 100 | 1 | _aSilveira, P.S. da | |
| 100 | 1 | _aCustódio, J.P.C. | |
| 100 | 1 | _aSilva, F. da C.M. | |
| 100 | 1 | _aNascente, A.C. de S. | |
| 100 | 1 | _aMonteiro, C.L. | |
| 100 | 1 | _aMatos, F.S. | |
| 245 | 1 | _aA ação dos brasinosteroides no crescimento de mudas de pinhão manso sob déficit hídrico | |
| 650 | _aPINHÃO DE PURGA | ||
| 650 | _aMUDA | ||
| 650 | _aREGULADOR DE CRESCIMENTO | ||
| 650 | _aFISIOLOGIA VEGETAL | ||
| 773 | 0 |
_tAgries. Agri-Environmental Sciences (Brazil) _xISSN 2525-4804 _g(2016), v. 2(1) p. 52-61 _wBR2017002082 |
|
| 856 | 4 | 0 | _uhttps://revista.unitins.br/index.php/agri-environmental-sciences/issue/view/18 |
| 909 |
_a202311 _bLúcia _c55 _dLúcia Elande |
||
| 942 |
_2AGRIS _n0 _cANA |
||
| 999 |
_c252711 _d252711 |
||